| 000 | 00767nam a22002415i 4500 | ||
|---|---|---|---|
| 001 | 12627 | ||
| 003 | ES-MaACL | ||
| 005 | 20250811062531.0 | ||
| 007 | t| | ||
| 008 | 960111s1995 sp ||||0| spa j | ||
| 020 | _a84-8181-073-6 | ||
| 040 |
_aM-BN _bspa _cM-BN |
||
| 080 | _a002(460)"19"(064.3) | ||
| 245 | 0 | 0 |
_aLibros de España _b: Biblioteca Nacional, Buenos Aires, 9 al 29 de mayo, 1995. |
| 260 |
_a[Madrid] : _bMinisterio de Cultura, _c[1995] |
||
| 300 |
_a161 p., [16] p. de lám ; _c30 cm. |
||
| 650 |
_aLibros españoles- _vExposiciones. _9153842 |
||
| 655 | 7 |
_2tgfbne _9193628 _aCatálogos de exposiciones |
|
| 710 | 1 |
_aEspaña. _bMinisterio de Cultura _93850 |
|
| 852 |
_aES-MaACL _jL-19974 _bR.124456 |
||
| 942 | _2udc | ||
| 999 |
_c12627 _d12627 |
||